De los delitos y las penas /

Guardado en:
Bibliografiske detaljer
Hovedforfatter: Beccaria, Cesare (autor)
Format: Bog
Sprog:spansk
Tags: Tilføj Tag
Ingen Tags, Vær først til at tagge denne postø!

MARC

LEADER 00000nam^a2200000^a^4500
001 000440092
005 20250526000000.0
009 20260310123327.237
020 |a 968-805-657-X 
037 |a Acervo ITESO - Biblioteca 
041 |a ESP 
091 |a FHM. 09720 
100 |a Beccaria, Cesare  |e (autor) 
245 1 0 |a De los delitos y las penas / 
264 |a México :  |b Comisión Nacional de los Derechos Humanos, Dirección General de Divulgación y Capacitación,  |c 1991 
300 |a 110 p. ;  |c 23.0 cm. 
336 |a texto  |b txt  |2 rdacontenido 
337 |a sin mediación  |b n  |2 rdamedio 
338 |a volumen  |b nc  |2 rdasoporte 
649 |a XX 
910 |a Fondo Hugo B. Margáin 
920 |a Impresos - Libros 
930 |a Libros Antiguos y Raros 
905 |a 126 
901 |a 0500303987  |b IT2  |c LRA  |i D117916  |u 20250526 
902 |a https://opac.biblio.iteso.mx/vufind/Record/000440092